<?xml version="1.0" encoding="UTF-8"?>
<record
    xmlns:xsi="http://www.w3.org/2001/XMLSchema-instance"
    xsi:schemaLocation="http://www.loc.gov/MARC21/slim http://www.loc.gov/standards/marcxml/schema/MARC21slim.xsd"
    xmlns="http://www.loc.gov/MARC21/slim">

  <leader>02869ncm0a2200469   4500</leader>
  <controlfield tag="001">RU\NLR\ONIZ\225188</controlfield>
  <controlfield tag="005">20250626155411.0</controlfield>
  <datafield tag="035" ind1=" " ind2=" ">
    <subfield code="a">(NLR Aleph) 011953135</subfield>
  </datafield>
  <datafield tag="071" ind1="2" ind2="0">
    <subfield code="a">&#x41C;. 10959 &#x413;.</subfield>
  </datafield>
  <datafield tag="090" ind1=" " ind2=" ">
    <subfield code="a">11160437</subfield>
    <subfield code="c">11160437</subfield>
  </datafield>
  <datafield tag="100" ind1=" " ind2=" ">
    <subfield code="a">20190304d1930    |||y0rusy50      ca</subfield>
  </datafield>
  <datafield tag="101" ind1="1" ind2=" ">
    <subfield code="a">rus</subfield>
    <subfield code="a">ukr</subfield>
  </datafield>
  <datafield tag="102" ind1=" " ind2=" ">
    <subfield code="a">RU</subfield>
  </datafield>
  <datafield tag="125" ind1=" " ind2=" ">
    <subfield code="a">ax</subfield>
  </datafield>
  <datafield tag="128" ind1=" " ind2=" ">
    <subfield code="a">sg </subfield>
  </datafield>
  <datafield tag="145" ind1="0" ind2=" ">
    <subfield code="a">c</subfield>
  </datafield>
  <datafield tag="200" ind1="1" ind2=" ">
    <subfield code="a">&#x412;&#x438;&#x43D;&#x442;&#x43E;&#x432;&#x43E;&#x447;&#x43A;&#x430;</subfield>
    <subfield code="b">&#x41D;&#x43E;&#x442;&#x44B;</subfield>
    <subfield code="e">"&#x41C;&#x435;&#x43D;&#x44F; &#x43C;&#x438;&#x43B;&#x43A;&#x430; &#x43F;&#x440;&#x43E;&#x432;&#x43E;&#x436;&#x430;&#x43B;&#x430;..."</subfield>
    <subfield code="d">&#x412;i&#x43D;&#x442;i&#x432;&#x43E;&#x447;&#x43A;&#x430;</subfield>
    <subfield code="e">"&#x41C;&#x435;&#x43D;&#x435; &#x43B;&#x44E;&#x431;&#x430; &#x432;&#x438;&#x440;&#x44F;&#x434;&#x436;&#x430;&#x43B;&#x430;..."</subfield>
    <subfield code="e">&#x434;&#x43B;&#x44F; &#x441;&#x440;&#x435;&#x434;&#x43D;&#x435;&#x433;&#x43E; &#x433;&#x43E;&#x43B;&#x43E;&#x441;&#x430; [&#x441; &#x444;&#x43E;&#x440;&#x442;&#x435;&#x43F;&#x438;&#x430;&#x43D;&#x43E;]</subfield>
    <subfield code="z">ukr</subfield>
    <subfield code="f">&#x43C;&#x443;&#x437;. &#x42E;. &#x41C;&#x438;&#x43B;&#x44E;&#x442;&#x438;&#x43D;&#x430;</subfield>
    <subfield code="g">&#x441;&#x43B;&#x43E;&#x432;&#x430; &#x423;&#x440;&#x430;&#x43B;&#x44C;&#x441;&#x43A;&#x43E;&#x433;&#x43E;</subfield>
    <subfield code="g">&#x443;&#x43A;&#x440;. &#x442;&#x435;&#x43A;&#x441;&#x442; &#x41F;. &#x41E;&#x43F;&#x430;&#x43D;&#x430;&#x441;&#x430;</subfield>
  </datafield>
  <datafield tag="210" ind1=" " ind2=" ">
    <subfield code="a">&#x41C;&#x43E;&#x441;&#x43A;&#x432;&#x430;</subfield>
    <subfield code="c">&#x413;&#x43E;&#x441;. &#x438;&#x437;&#x434;-&#x432;&#x43E;. &#x41C;&#x443;&#x437;. &#x441;&#x435;&#x43A;&#x442;&#x43E;&#x440;</subfield>
    <subfield code="d">1930</subfield>
  </datafield>
  <datafield tag="215" ind1=" " ind2=" ">
    <subfield code="a">3 &#x441;.</subfield>
    <subfield code="d">32 &#x441;&#x43C;</subfield>
  </datafield>
  <datafield tag="225" ind1="1" ind2=" ">
    <subfield code="a">&#x420;&#x435;&#x43F;&#x435;&#x440;&#x442;&#x443;&#x430;&#x440; &#x441;&#x43E;&#x432;&#x435;&#x442;&#x441;&#x43A;&#x43E;&#x439; &#x44D;&#x441;&#x442;&#x440;&#x430;&#x434;&#x44B;</subfield>
  </datafield>
  <datafield tag="300" ind1=" " ind2=" ">
    <subfield code="a">&#x412; &#x43D;&#x430;&#x434;&#x437;&#x430;&#x433;.: &#x41F;&#x440;&#x43E;&#x43B;&#x435;&#x442;&#x430;&#x440;&#x438;&#x438; &#x432;&#x441;&#x435;&#x445; &#x441;&#x442;&#x440;&#x430;&#x43D;, &#x441;&#x43E;&#x435;&#x434;&#x438;&#x43D;&#x44F;&#x439;&#x442;&#x435;&#x441;&#x44C;!</subfield>
  </datafield>
  <datafield tag="313" ind1=" " ind2=" ">
    <subfield code="a">&#x421;&#x438;&#x441;&#x442;&#x435;&#x43C;&#x430;&#x442;&#x438;&#x437;&#x430;&#x446;&#x438;&#x44F; &#x434;&#x43E;&#x43A;&#x443;&#x43C;&#x435;&#x43D;&#x442;&#x430; &#x43F;&#x440;&#x43E;&#x432;&#x435;&#x434;&#x435;&#x43D;&#x430; &#x43F;&#x43E; &#x438;&#x437;&#x434;&#x430;&#x43D;&#x438;&#x44E; - &#x41C;&#x435;&#x442;&#x43E;&#x434;&#x438;&#x43A;&#x430; &#x43A;&#x43B;&#x430;&#x441;&#x441;&#x438;&#x444;&#x438;&#x446;&#x438;&#x440;&#x43E;&#x432;&#x430;&#x43D;&#x438;&#x44F; &#x43C;&#x443;&#x437;&#x44B;&#x43A;&#x430;&#x43B;&#x44C;&#x43D;&#x44B;&#x445; &#x43F;&#x440;&#x43E;&#x438;&#x437;&#x432;&#x435;&#x434;&#x435;&#x43D;&#x438;&#x439; (&#x43D;&#x43E;&#x442;&#x43D;&#x44B;&#x445; &#x438;&#x437;&#x434;&#x430;&#x43D;&#x438;&#x439;) &#x43F;&#x43E; &#x442;&#x430;&#x431;&#x43B;&#x438;&#x446;&#x430;&#x43C; &#x411;&#x438;&#x431;&#x43B;&#x438;&#x43E;&#x442;&#x435;&#x447;&#x43D;&#x43E;-&#x431;&#x438;&#x431;&#x43B;&#x438;&#x43E;&#x433;&#x440;&#x430;&#x444;&#x438;&#x447;&#x435;&#x441;&#x43A;&#x438;&#x445; &#x43A;&#x43B;&#x430;&#x441;&#x441;&#x438;&#x444;&#x438;&#x43A;&#x430;&#x446;&#x438;&#x439; : &#x43C;&#x435;&#x442;&#x43E;&#x434;. &#x440;&#x435;&#x43A;&#x43E;&#x43C;&#x435;&#x43D;&#x434;&#x430;&#x446;&#x438;&#x438; / &#x413;&#x43E;&#x441;. &#x431;-&#x43A;&#x430; &#x421;&#x421;&#x421;&#x420; &#x438;&#x43C;. &#x412;.&#x418;. &#x41B;&#x435;&#x43D;&#x438;&#x43D;&#x430;.- &#x41C;., 1977. &#x418;&#x43D;&#x434;&#x435;&#x43A;&#x441;&#x443; &#x411;&#x411;&#x41A; &#x43C;&#x435;&#x442;&#x43E;&#x434;&#x438;&#x447;&#x435;&#x441;&#x43A;&#x438;&#x445; &#x440;&#x435;&#x43A;&#x43E;&#x43C;&#x435;&#x43D;&#x434;&#x430;&#x446;&#x438;&#x439; &#x43F;&#x440;&#x438;&#x441;&#x432;&#x430;&#x438;&#x432;&#x430;&#x435;&#x442;&#x441;&#x44F; &#x43A;&#x43E;&#x434; &#x411;&#x411;&#x41A; &#x434;&#x43B;&#x44F; &#x43D;&#x430;&#x443;&#x447;&#x43D;&#x44B;&#x445; &#x431;&#x438;&#x431;&#x43B;&#x438;&#x43E;&#x442;&#x435;&#x43A; - LBC/SL</subfield>
  </datafield>
  <datafield tag="317" ind1=" " ind2=" ">
    <subfield code="6">b04899</subfield>
    <subfield code="6">z06703</subfield>
    <subfield code="a">&#x41D;&#x430; &#x442;&#x438;&#x442;. &#x43B;. &#x440;&#x443;&#x43A;&#x43E;&#x43F;.: &#x417;. &#x410;&#x431;&#x431;&#x430;&#x43A;&#x443;&#x43C;&#x43E;&#x432;</subfield>
    <subfield code="5">NLR</subfield>
  </datafield>
  <datafield tag="317" ind1=" " ind2=" ">
    <subfield code="6">b04899</subfield>
    <subfield code="6">z06703</subfield>
    <subfield code="a">&#x41D;&#x430; &#x442;&#x438;&#x442;. &#x43B;. &#x448;&#x442;&#x430;&#x43C;&#x43F;: &#x418;&#x437; &#x431;&#x438;&#x431;&#x43B;&#x438;&#x43E;&#x442;&#x435;&#x43A;&#x438; &#x417;. &#x42F;. &#x410;&#x431;&#x431;&#x430;&#x43A;&#x443;&#x43C;&#x43E;&#x432;&#x430;</subfield>
    <subfield code="5">NLR</subfield>
  </datafield>
  <datafield tag="606" ind1="1" ind2=" ">
    <subfield code="a">&#x412;&#x43E;&#x43A;&#x430;&#x43B;&#x44C;&#x43D;&#x44B;&#x435; &#x43F;&#x440;&#x43E;&#x438;&#x437;&#x432;&#x435;&#x434;&#x435;&#x43D;&#x438;&#x44F; &#x434;&#x43B;&#x44F; &#x441;&#x440;&#x435;&#x434;&#x43D;&#x435;&#x433;&#x43E; &#x433;&#x43E;&#x43B;&#x43E;&#x441;&#x430;</subfield>
    <subfield code="2">nlr_sh</subfield>
  </datafield>
  <datafield tag="686" ind1=" " ind2=" ">
    <subfield code="a">&#x429;943.2-42-041.1(2)</subfield>
    <subfield code="v">LBC/SL</subfield>
    <subfield code="2">rubbk</subfield>
  </datafield>
  <datafield tag="700" ind1=" " ind2="1">
    <subfield code="9">z01790</subfield>
    <subfield code="a">&#x41C;&#x438;&#x43B;&#x44E;&#x442;&#x438;&#x43D;</subfield>
    <subfield code="b">&#x42E;. &#x421;.</subfield>
    <subfield code="f">1903-1968</subfield>
    <subfield code="g">&#x42E;&#x440;&#x438;&#x439; (&#x413;&#x435;&#x43E;&#x440;&#x433;&#x438;&#x439;) &#x421;&#x435;&#x440;&#x433;&#x435;&#x435;&#x432;&#x438;&#x447;</subfield>
    <subfield code="4">230</subfield>
    <subfield code="7">ca</subfield>
  </datafield>
  <datafield tag="702" ind1=" " ind2="1">
    <subfield code="9">z02790</subfield>
    <subfield code="a">&#x417;&#x430;&#x44F;&#x43A;&#x438;&#x43D;-&#x423;&#x440;&#x430;&#x43B;&#x44C;&#x441;&#x43A;&#x438;&#x439;</subfield>
    <subfield code="b">&#x41F;. &#x418;.</subfield>
    <subfield code="f">1877-1920</subfield>
    <subfield code="g">&#x41F;&#x430;&#x432;&#x435;&#x43B; &#x418;&#x432;&#x430;&#x43D;&#x43E;&#x432;&#x438;&#x447;</subfield>
    <subfield code="4">520</subfield>
    <subfield code="7">ca</subfield>
  </datafield>
  <datafield tag="702" ind1=" " ind2="1">
    <subfield code="9">z03790</subfield>
    <subfield code="a">&#x41E;&#x43F;&#x430;&#x43D;&#x430;&#x441;</subfield>
    <subfield code="b">&#x41F;.</subfield>
    <subfield code="4">730</subfield>
    <subfield code="7">ca</subfield>
  </datafield>
  <datafield tag="703" ind1=" " ind2="1">
    <subfield code="6">z06317</subfield>
    <subfield code="9">z05790</subfield>
    <subfield code="a">&#x410;&#x431;&#x431;&#x430;&#x43A;&#x443;&#x43C;&#x43E;&#x432;</subfield>
    <subfield code="b">&#x417;. &#x42F;.</subfield>
    <subfield code="f">1894-1944</subfield>
    <subfield code="g">&#x417;&#x43E;&#x441;&#x438;&#x43C;&#x430; &#x42F;&#x43A;&#x43E;&#x432;&#x43B;&#x435;&#x432;&#x438;&#x447;</subfield>
    <subfield code="4">390</subfield>
  </datafield>
  <datafield tag="790" ind1=" " ind2="1">
    <subfield code="9">z01700</subfield>
    <subfield code="a">Miljutin</subfield>
    <subfield code="b">J. (. S.</subfield>
    <subfield code="f">1903-1968</subfield>
    <subfield code="g">Jurij (Georgij) Sergeevi&#x10D;</subfield>
    <subfield code="4">230</subfield>
    <subfield code="7">ba</subfield>
  </datafield>
  <datafield tag="790" ind1=" " ind2="1">
    <subfield code="9">z02702</subfield>
    <subfield code="a">&#x423;&#x440;&#x430;&#x43B;&#x44C;&#x441;&#x43A;&#x438;&#x439;</subfield>
    <subfield code="b">&#x41F;.</subfield>
    <subfield code="f">1877-1920</subfield>
    <subfield code="g">&#x41F;&#x430;&#x432;&#x435;&#x43B;</subfield>
    <subfield code="4">520</subfield>
    <subfield code="7">ca</subfield>
  </datafield>
  <datafield tag="790" ind1=" " ind2="1">
    <subfield code="9">z03702</subfield>
    <subfield code="a">Opanas</subfield>
    <subfield code="b">P.</subfield>
    <subfield code="4">730</subfield>
    <subfield code="7">ba</subfield>
  </datafield>
  <datafield tag="790" ind1=" " ind2="1">
    <subfield code="9">z05703</subfield>
    <subfield code="a">Abbakumov</subfield>
    <subfield code="b">Z. J.</subfield>
    <subfield code="f">1894-1944</subfield>
    <subfield code="g">Zosima Jakovlevi&#x10D;</subfield>
    <subfield code="4">390</subfield>
    <subfield code="7">ba</subfield>
  </datafield>
  <datafield tag="801" ind1=" " ind2="0">
    <subfield code="a">RU</subfield>
    <subfield code="b">NLR</subfield>
    <subfield code="c">20190304</subfield>
    <subfield code="g">PSBO</subfield>
  </datafield>
  <datafield tag="801" ind1=" " ind2="1">
    <subfield code="a">RU</subfield>
    <subfield code="b">NLR</subfield>
    <subfield code="c">20190304</subfield>
    <subfield code="2">rusmarc</subfield>
  </datafield>
  <datafield tag="801" ind1=" " ind2="2">
    <subfield code="a">RU</subfield>
    <subfield code="b">NLR</subfield>
    <subfield code="c">20200219</subfield>
  </datafield>
  <datafield tag="852" ind1=" " ind2=" ">
    <subfield code="6">b04317</subfield>
    <subfield code="a">NLR</subfield>
    <subfield code="b">&#x41C;</subfield>
    <subfield code="j">&#x410;&#x431;&#x43A;-4/39</subfield>
    <subfield code="p">259573</subfield>
    <subfield code="t">1</subfield>
  </datafield>
  <datafield tag="942" ind1=" " ind2=" ">
    <subfield code="c">SCORE</subfield>
  </datafield>
  <datafield tag="980" ind1=" " ind2=" ">
    <subfield code="a">NB</subfield>
  </datafield>
  <datafield tag="980" ind1=" " ind2=" ">
    <subfield code="a">ONIZ</subfield>
  </datafield>
  <datafield tag="995" ind1=" " ind2=" ">
    <subfield code="5">2019-03-04</subfield>
    <subfield code="b">NLR01</subfield>
    <subfield code="c">NLR01</subfield>
    <subfield code="e">ONIZ</subfield>
    <subfield code="k">&#x410;&#x431;&#x43A;-4/39 &#x410;&#x431;&#x43A;-4/39</subfield>
    <subfield code="o">0</subfield>
    <subfield code="r">SCORE</subfield>
    <subfield code="s">439_439</subfield>
  </datafield>
</record>
